000 00305 a2200109 4500
001 ART_6369
005 20260410161619.0
008 260409a
245 1 0 _aLa actuación del contador como perito
100 1 _aRodríguez, Raquel E.
773 0 _tEnfoques
_g- Nº 2 (feb. 2009)
_wREV416
999 _c11398
_d11398